[Event "Women's Speed Chess Q5"]
[Site "chess.com INT"]
[Date "2020.06.22"]
[Round "8"]
[White "Kiolbasa, Oliwia"]
[Black "Tereladze, Sopiko"]
[Result "0-1"]
[WhiteTitle "WIM"]
[BlackTitle "WIM"]
[WhiteElo "2160"]
[BlackElo "2141"]
[WhiteFideId "1154613"]
[BlackFideId "13600486"]
[EventDate "2020.06.22"]

1. e4 e5 2. Nf3 Nc6 3. Bb5 a6 4. Ba4 Nf6 5. O-O Be7 6. Re1 b5 7. Bb3 O-O 8. h3
d6 9. c3 Na5 10. Bc2 c5 11. d4 cxd4 12. cxd4 Nc6 13. Nc3 Bb7 14. d5 Nb4 15. Bb3
a5 16. Nxb5 Ba6 17. a4 Rb8 18. Bc4 Qd7 19. Bd2 Rfc8 20. Rc1 Rxc4 21. Rxc4 Bxb5
22. axb5 Nd3 23. Qc2 Nxe1 24. Bxe1 Qxb5 25. b4 axb4 26. Rxb4 Qe8 27. Rxb8 Qxb8
28. Nh4 g6 29. Nf3 Kg7 30. Kh2 h6 31. Bd2 Qa7 32. Be3 Qb7 33. Nd2 g5 34. f3 Qa6
35. Qc4 Qxc4 36. Nxc4 Kf8 37. Bb6 Ke8 38. Kg3 Kd7 39. h4 Nh5+ 40. Kg4 Nf6+ 41.
Kg3 gxh4+ 42. Kh3 Nh5 43. Be3 Bg5 44. Bxg5 hxg5 45. Ne3 Nf4+ 46. Kg4 f6 47. Kf5
Nxg2 48. Nxg2 h3 49. Ne3 h2 50. Kxf6 h1=Q 51. Kxg5 Qxf3 52. Ng4 Qg3 53. Kf5 Kc7
54. Nf6 Qf3+ 55. Ke6 Qf4 56. Ke7 Qg5 57. Ke6 Qg6 58. Ke7 Qg7+ 59. Ke6 Qf8 60.
Kf5 Qc8+ 61. Kg6 Kd8 62. Kf7 Qc7+ 63. Kg6 Ke7 64. Ng8+ Kf8 65. Nf6 Qf7+ 66. Kf5
Ke7 0-1

[Event "Women's Speed Chess Q5"]
[Site "chess.com INT"]
[Date "2020.06.22"]
[Round "8"]
[White "Belenkaya, Dina"]
[Black "Antolak, Julia"]
[Result "1-0"]
[WhiteTitle "WGM"]
[BlackTitle "WIM"]
[WhiteElo "2297"]
[BlackElo "2323"]
[WhiteFideId "24142654"]
[BlackFideId "1159569"]
[EventDate "2020.06.22"]

1. e4 c5 2. Nc3 e6 3. Nge2 d6 4. g3 g6 5. Bg2 Bg7 6. O-O Ne7 7. d3 O-O 8. Be3
Nbc6 9. Qd2 Rb8 10. Bh6 b5 11. Qg5 b4 12. Nd1 Bb7 13. Ne3 f5 14. Nf4 Bf6 15.
Nxe6 Bxg5 16. Nxd8 Bxh6 17. Nxb7 Rxb7 18. exf5 gxf5 19. Nd5 Rd7 20. Rae1 Ne5 21.
f4 N5g6 22. Re6 Kf7 23. Rfe1 Bg7 24. h4 h5 25. c4 bxc3 26. bxc3 Rb8 27. R1e2 Ng8
28. Kh2 Nf6 29. c4 Nf8 30. Nxf6 Bxf6 31. Bd5 Kg7 32. Re8 Rxe8 33. Rxe8 Re7 34.
Ra8 Re2+ 35. Kg1 Rxa2 36. Kf1 Bd4 37. Rb8 a5 38. Rb7+ Kh8 39. Rf7 Bg7 40. Rxf5
a4 41. Rxh5+ Nh7 42. Be4 Kg8 43. Bxh7+ Kf8 44. Bg6 a3 45. Rf5+ Ke7 46. Rf7+ Ke6
47. Rxg7 Rh2 48. Ra7 a2 49. f5+ Kf6 50. h5 Rh1+ 51. Kg2 a1=Q 52. Rxa1 Rxa1 53.
Kf3 Kg5 54. g4 Rd1 55. Ke4 Rg1 56. Kd5 Rxg4 57. Kxd6 Rd4+ 58. Kxc5 Rxd3 59. Kb5
Rc3 60. c5 Kf6 61. c6 Ke7 62. h6 Rh3 63. h7 Kd6 64. Kb6 Rb3+ 65. Ka7 Kc7 66. Ka6
Kxc6 67. Be8+ Kc7 68. h8=Q 1-0

[Event "Women's Speed Chess Q5"]
[Site "chess.com INT"]
[Date "2020.06.22"]
[Round "8"]
[White "Shvedova, Alexandra"]
[Black "Martynyuk, Elizaveta"]
[Result "0-1"]
[WhiteTitle "WFM"]
[BlackTitle "FM"]
[WhiteElo "1994"]
[BlackElo "2041"]
[WhiteFideId "54154782"]
[BlackFideId "24128511"]
[EventDate "2020.06.22"]

1. e4 c5 2. Nf3 Nc6 3. d4 cxd4 4. Nxd4 Qb6 5. Nb3 Nf6 6. Nc3 e6 7. Be3 Qc7 8.
Nb5 Qb8 9. f3 d5 10. Be2 dxe4 11. O-O a6 12. N5d4 Nxd4 13. Bxd4 exf3 14. Rxf3
Be7 15. Rg3 e5 16. Be3 O-O 17. Bh6 Ne8 18. Qd3 Kh8 19. Bg5 Bxg5 20. Rxg5 Be6 21.
Kh1 Nd6 22. Rxe5 Bc4 23. Qe3 Bxe2 24. Qxe2 Qc7 25. Rh5 g6 26. Rh4 Rae8 27. Qd3
Nf5 28. Re4 Rxe4 29. Qxe4 b5 30. Re1 Rd8 31. c3 a5 32. Nd4 Nxd4 33. cxd4 Qc4 34.
Qe5+ Kg8 35. b3 Qc3 36. Kg1 Qxd4+ 37. Qxd4 Rxd4 38. Re5 Rd1+ 39. Kf2 Rd2+ 40.
Kf3 Rxa2 41. Rxb5 Kg7 42. b4 a4 43. Ra5 a3 44. b5 Ra1 45. b6 Rb1 46. Rxa3 Rxb6
47. Kg3 g5 48. Ra5 Kg6 49. Ra3 h5 50. h3 h4+ 51. Kf3 Rb5 52. Kg4 f5+ 53. Kf3 Kh5
54. Kf2 g4 55. hxg4+ fxg4 56. Ra8 Kg5 57. Rg8+ Kf4 58. Rh8 Rb2+ 59. Kf1 Kg3 60.
Rg8 Rb1+ 61. Ke2 Rg1 62. Ke3 Rxg2 63. Ke4 h3 64. Rh8 h2 0-1

[Event "Women's Speed Chess Q5"]
[Site "chess.com INT"]
[Date "2020.06.22"]
[Round "8"]
[White "Janzelj, Lara"]
[Black "Narva, Mai"]
[Result "1/2-1/2"]
[WhiteTitle "WIM"]
[BlackTitle "WIM"]
[WhiteElo "2210"]
[BlackElo "2333"]
[WhiteFideId "14608391"]
[BlackFideId "4500512"]
[EventDate "2020.06.22"]

1. c4 e5 2. g3 Nf6 3. Nc3 c6 4. d4 e4 5. d5 Bc5 6. Bg2 Qe7 7. e3 d6 8. Qc2 Bf5
9. Nge2 O-O 10. O-O cxd5 11. cxd5 Nbd7 12. a3 a5 13. b3 Rac8 14. Bb2 Nb6 15. Qd2
Qd7 16. Rfd1 Rfe8 17. Nf4 Ng4 18. h3 Nf6 19. g4 Bg6 20. Nce2 Qe7 21. Rac1 Nbd7
22. Ng3 Bb6 23. g5 Ng4 24. hxg4 Qxg5 25. Rxc8 Rxc8 26. Nxg6 hxg6 27. Nxe4 Qxg4
28. Nxd6 Rc7 29. Nc4 Bc5 30. Nxa5 Bd6 31. Nc4 Bf8 32. Qd4 Qg5 33. d6 Rc5 34. f4
Qg4 35. b4 Rh5 36. Rd2 Qh4 37. Kf1 Qg3 38. Qe4 Qg4 39. Qf3 Qe6 40. e4 b5 41. Ne3
Bxd6 42. Kf2 Bf8 43. e5 f6 44. Qd5 Qxd5 45. Bxd5+ Kh7 46. Ng2 fxe5 47. Bf3 Rf5
48. Rxd7 exf4 49. Nh4 Rh5 50. Ng2 Rg5 51. Rf7 Bd6 52. Rxg7+ Kh6 53. Rd7 Be5 54.
Bxe5 Rxe5 55. Nxf4 g5 56. Nd5 Rf5 57. Rd6+ Kg7 58. Kg3 Re5 59. Nc7 Re3 60. Ne6+
Kf6 61. Nd4+ Ke5 62. Rd8 Rxa3 63. Nc6+ Ke6 64. Rb8 Rc3 65. Rxb5 Kd6 66. Nd4 Rd3
67. Nf5+ Kc7 68. Kg4 Rb3 69. Rc5+ Kd8 70. Rd5+ Kc7 71. b5 Kb6 72. Kxg5 Rxf3 73.
Re5 Rb3 74. Kf6 Rxb5 75. Re6+ Kc5 76. Ne7 Rb6 77. Rxb6 Kxb6 1/2-1/2

[Event "Women's Speed Chess Q5"]
[Site "chess.com INT"]
[Date "2020.06.22"]
[Round "8"]
[White "Batsiashvili, Nino"]
[Black "Sargsyan, Anna M."]
[Result "1-0"]
[WhiteTitle "GM"]
[BlackTitle "WGM"]
[WhiteElo "2457"]
[BlackElo "2405"]
[WhiteFideId "13602993"]
[BlackFideId "13308130"]
[EventDate "2020.06.22"]

1. d4 d5 2. Nf3 Nf6 3. Bf4 c5 4. e3 Nc6 5. Nbd2 Bg4 6. c3 e6 7. Qb3 Qc8 8. Ne5
c4 9. Qa4 Bf5 10. b3 a6 11. bxc4 dxc4 12. Bxc4 Be7 13. Nxc6 bxc6 14. O-O O-O 15.
Be2 Nd5 16. Rfc1 Nxf4 17. exf4 c5 18. Nf3 Qc7 19. g3 Bg4 20. Re1 cxd4 21. cxd4
a5 22. Ne5 Bxe2 23. Rxe2 Bb4 24. Rc2 Qd6 25. Rd1 f6 26. Nc4 Qd5 27. Ne3 Qf3 28.
Qc6 Qxc6 29. Rxc6 Rfe8 30. Kg2 Kf7 31. Rdc1 Re7 32. R1c4 Rd8 33. Rc7 Rdd7 34.
Rxd7 Rxd7 35. Kf3 h5 36. Nc2 Be7 37. Ke4 Bd8 38. a4 Ke7 39. Ne3 Bb6 40. Nc2 Kd6
41. Rc3 Ke7 42. Rb3 Ba7 43. Rb5 g6 44. Rxa5 Bb6 45. Rb5 Ba7 46. a5 Kd6 47. a6
Kc6 48. Rb3 Kc7 49. Rb7+ Kc8 50. Rxd7 Kxd7 51. Ne3 Kc6 52. d5+ exd5+ 53. Nxd5
Bxf2 54. Nxf6 Bg1 55. h3 Kb6 56. g4 hxg4 57. hxg4 Kxa6 58. Ng8 Kb6 59. Ne7 g5
60. fxg5 Bc5 61. Nd5+ Kc6 62. g6 Bf8 63. Ke5 Kd7 64. Kf6 Kd6 65. g7 Bxg7+ 66.
Kxg7 Kxd5 67. g5 Ke6 68. g6 Ke7 69. Kh7 Kf6 70. g7 Kg5 71. g8=Q+ Kh5 72. Qg7 Kh4
73. Kg6 Kg4 74. Qe5 Kh4 75. Qd4+ Kg3 76. Kf5 Kh3 77. Qg4+ Kh2 78. Kf4 Kh1 79.
Kf3 Kh2 80. Qg2# 1-0

[Event "Women's Speed Chess Q5"]
[Site "chess.com INT"]
[Date "2020.06.22"]
[Round "8"]
[White "Socko, Monika"]
[Black "Vijayalakshmi, Subbaraman"]
[Result "1/2-1/2"]
[WhiteTitle "GM"]
[BlackTitle "IM"]
[WhiteElo "2428"]
[BlackElo "2332"]
[WhiteFideId "1106619"]
[BlackFideId "5004098"]
[EventDate "2020.06.22"]

1. d4 Nf6 2. c4 e6 3. Nf3 b6 4. a3 Bb7 5. Nc3 d5 6. Bf4 c6 7. e3 Bd6 8. Bg3 O-O
9. b4 Na6 10. c5 Bxg3 11. hxg3 bxc5 12. bxc5 Qa5 13. Qd2 Nc7 14. Bd3 Ba6 15. O-O
Bxd3 16. Qxd3 Rfb8 17. Qc2 Rb7 18. Ne5 Nb5 19. Rfb1 Qa6 20. Qa4 Qxa4 21. Nxa4
Nd7 22. Nxc6 Kf8 23. Na5 Rbb8 24. c6 Nf6 25. Nc5 Nc7 26. Rb7 Rc8 27. Nd7+ Ke7
28. Nxf6 gxf6 29. Rc1 Kd6 30. Rb2 Ne8 31. Nb7+ Kc7 32. Nc5 Kd6 33. Rb7 Nc7 34.
Na6 e5 35. dxe5+ fxe5 36. Nc5 Kxc6 37. Rbb1 Kd6 38. Nb7+ Kd7 39. Nc5+ Ke7 40.
Rb7 Rab8 41. Rxa7 Kd6 42. Na6 Nxa6 43. Rxa6+ Kd7 44. Ra7+ Kd6 45. Rxc8 Rxc8 46.
Rxf7 Ra8 47. Rxh7 Rxa3 48. g4 Ra1+ 49. Kh2 d4 50. exd4 exd4 51. g5 d3 52. g6 d2
53. Rh8 Ke7 54. g7 d1=Q 55. g8=Q Qg1+ 56. Kg3 Ra3+ 57. f3 Qe1+ 58. Kh2 Qe5+ 59.
Kh3 Qf5+ 60. Qg4 Qe5 61. Rh7+ Kd6 62. Rh6+ Kc7 63. Qc4+ Kd8 64. Qg8+ Ke7 65.
Qh7+ Kf8 66. Rg6 Qf5+ 67. Kh4 Ra4+ 68. g4 Rxg4+ 69. fxg4 Qf2+ 70. Kg5 Qe3+ 71.
Kf5 Qf3+ 72. Ke5 Qe3+ 73. Kd6 Qb6+ 74. Kd5 Qb5+ 75. Kd4 Qb4+ 76. Ke3 Qe1+ 77.
Kf3 Qf1+ 78. Ke4 Qe2+ 79. Kf5 Qd3+ 80. Ke6 Qxg6+ 81. Qxg6 1/2-1/2

[Event "Women's Speed Chess Q5"]
[Site "chess.com INT"]
[Date "2020.06.22"]
[Round "8"]
[White "Bulmaga, Irina"]
[Black "Stefanova, Antoaneta"]
[Result "0-1"]
[WhiteTitle "IM"]
[BlackTitle "GM"]
[WhiteElo "2440"]
[BlackElo "2462"]
[WhiteFideId "13903063"]
[BlackFideId "2902257"]
[EventDate "2020.06.22"]

1. e4 c6 2. d4 d5 3. e5 c5 4. dxc5 e6 5. a3 Bxc5 6. b4 Be7 7. Nf3 Qc7 8. Bb2 Nh6
9. Bd3 Nd7 10. O-O O-O 11. Nbd2 a5 12. b5 Nc5 13. a4 b6 14. Qe2 Bb7 15. Nd4 f5
16. exf6 Rxf6 17. N2f3 Bd6 18. Rfe1 Raf8 19. Nc6 Rxf3 20. gxf3 Bxh2+ 21. Kg2
Bxc6 22. bxc6 Bf4 23. Be5 Qxc6 24. Bb5 Qc8 25. Bd4 Nf5 26. Bxc5 Qxc5 27. Qxe6+
Kh8 28. Rh1 h6 29. Rae1 Qxc2 30. Re2 Qc5 31. Bd3 d4 32. Bxf5 Qxf5 33. Qxf5 Rxf5
34. Rb1 Rf6 35. Re4 d3 36. Rd4 d2 37. Kf1 g5 38. Ke2 Kg7 39. Rd1 Kg6 40. Rb1
Re6+ 41. Kf1 h5 42. Rd1 h4 43. Kg2 Re1 44. R1xd2 Bxd2 45. Rxd2 Rb1 46. Rd6+ Kf5
47. Rd5+ Kf6 48. Rd6+ Kf5 49. Rd5+ Kg6 50. Rd6+ Kh5 51. Re6 Rb4 52. Rd6 Rxa4 53.
Rxb6 Rb4 54. Ra6 a4 55. Kh2 g4 56. Ra5+ Kg6 57. fxg4 Rxg4 58. Kh3 Rf4 59. f3 Kf6
60. Kg2 Ke6 61. Kf2 Kd6 62. Ke3 Rb4 63. f4 Kc6 64. Kd3 Kb6 65. Ra8 Rxf4 66. Ke3
Rc4 67. Kd3 Rg4 68. Kc3 Kc5 69. Ra5+ Kd6 70. Ra8 Ke5 71. Ra5+ Kf6 72. Ra6+ Kg5
73. Ra5+ Kh6 74. Ra6+ Kh5 75. Ra5+ Rg5 76. Rxa4 h3 77. Kd2 h2 78. Ra8 Kg4 79.
Ra1 Kg3 80. Ke2 Kg2 81. Ra2 h1=Q 82. Ke3+ Kg3 0-1

[Event "Women's Speed Chess Q5"]
[Site "chess.com INT"]
[Date "2020.06.22"]
[Round "8"]
[White "Turova, Irina"]
[Black "Chitlange, Sakshi"]
[Result "0-1"]
[WhiteTitle "IM"]
[BlackTitle "WIM"]
[WhiteElo "2381"]
[BlackElo "2167"]
[WhiteFideId "4120876"]
[BlackFideId "35002899"]
[EventDate "2020.06.22"]

1. d4 Nf6 2. c4 e6 3. Nc3 Bb4 4. Qc2 O-O 5. a3 Bxc3+ 6. Qxc3 b5 7. cxb5 c6 8.
Bg5 cxb5 9. e3 Bb7 10. Nf3 a6 11. Ke2 Nc6 12. Nd2 h6 13. Bh4 Rc8 14. Qd3 Na5 15.
f3 Nc4 16. Nxc4 Rxc4 17. Kf2 Ne4+ 18. fxe4 Qxh4+ 19. g3 Qf6+ 20. Kg1 Rfc8 21.
Be2 Rc2 22. Rf1 Qe7 23. h4 Rxb2 24. Rh2 Rcc2 25. Rhf2 f6 26. d5 Rd2 27. Qc3 Rxe2
28. Qc7 Rxf2 29. Rxf2 Rxf2 30. Kxf2 Ba8 31. dxe6 Qxe6 32. Qc8+ Kh7 33. Qxa8 Qa2+
34. Kf3 Qxa3 35. e5 f5 36. Qd5 Qe7 37. h5 b4 38. Qa5 b3 39. Qb6 Qe6 40. Qb4 Qd5+
41. Kf2 a5 42. Qb6 Qxe5 43. Qxb3 d5 44. Qb5 Qa1 45. Qxd5 Qb2+ 46. Kf3 Qb1 47.
Kf2 a4 48. Qc6 Qe4 49. Qg6+ Kh8 50. Qa6 Qc2+ 51. Kf3 Qd1+ 52. Kf4 Qg4+ 53. Ke5
Qe4+ 54. Kd6 Qb4+ 55. Ke6 a3 56. Kf7 Qb3+ 57. Kg6 a2 58. Kxf5 Qb1+ 59. Ke5 a1=Q+
60. Qxa1 Qxa1+ 61. Kf5 Qg1 62. Kf4 Qf2+ 63. Kg4 Qxe3 0-1

[Event "Women's Speed Chess Q5"]
[Site "chess.com INT"]
[Date "2020.06.22"]
[Round "8"]
[White "Franco Valencia, Angela"]
[Black "Kazarian, Anna-Maja"]
[Result "0-1"]
[WhiteTitle "WIM"]
[BlackTitle "FM"]
[WhiteElo "2089"]
[BlackElo "2096"]
[WhiteFideId "4403070"]
[BlackFideId "1033689"]
[EventDate "2020.06.22"]

1. e4 e6 2. d4 d5 3. Nd2 Nf6 4. e5 Nfd7 5. Bd3 c5 6. c3 Nc6 7. Ne2 cxd4 8. cxd4
f6 9. exf6 Qxf6 10. Nf3 h6 11. O-O Bd6 12. Re1 O-O 13. Bb1 Rd8 14. Qc2 Nf8 15.
Bd2 Bd7 16. a3 Be8 17. Qb3 g5 18. Ng3 g4 19. Ne5 Nxd4 20. Qe3 Bxe5 21. Qxe5 Qxe5
22. Rxe5 Nb3 23. Bxh6 Nxa1 24. Rg5+ Kf7 25. Rg7+ Kf6 26. Rxg4 Ke7 27. Bg5+ Kd6
28. Bxd8 Rxd8 29. h4 Nd7 30. h5 Nf6 31. Rh4 Nb3 32. h6 Bf7 33. Rb4 Nc5 34. Rf4
Ke7 35. b4 Nce4 36. Nxe4 dxe4 37. Bxe4 Nxe4 38. Rxe4 Rh8 39. Rh4 Kf6 40. Rf4+
Kg6 41. Rc4 e5 42. Rc7 Bd5 43. Rd7 Bc6 44. Rd6+ Kg5 45. Re6 e4 46. Kf1 Rxh6 47.
Re7 Kf4 48. Ke2 Bb5+ 49. Kd2 Bc6 50. Ke2 Rd6 51. Rf7+ Ke5 52. Re7+ Kf6 53. Rh7
Ke5 54. Rh5+ Kd4 55. g3 Kc3 56. g4 Kd4 57. g5 Bb5+ 58. Ke1 Rg6 59. Kd2 Ke5 60.
Ke3 Kf5 61. Rh7 Bc6 62. Re7 Rxg5 63. Rc7 Rg6 64. Rc8 Rg7 65. Rf8+ Ke5 66. Rf4
Rd7 67. Rh4 Rd3+ 68. Ke2 Rxa3 69. Rh5+ Kd4 70. Rh4 Bb5+ 71. Ke1 Ra1+ 72. Kd2
Ra2+ 73. Ke1 Re2+ 74. Kd1 Rxf2 75. Rh7 Kd3 76. Ke1 e3 77. Rh5 Re2+ 78. Kd1 Rd2+
79. Ke1 Bc6 80. Rh8 Re2+ 0-1

[Event "Women's Speed Chess Q5"]
[Site "chess.com INT"]
[Date "2020.06.22"]
[Round "8"]
[White "Luong, Phuong Hanh"]
[Black "Mammadova, Gulnar"]
[Result "1/2-1/2"]
[WhiteTitle "WIM"]
[BlackTitle "IM"]
[WhiteElo "2230"]
[BlackElo "2382"]
[WhiteFideId "12401013"]
[BlackFideId "13403508"]
[EventDate "2020.06.22"]

1. d4 g6 2. Nf3 Bg7 3. g3 f5 4. Bg2 Nf6 5. h4 d6 6. d5 c6 7. c4 cxd5 8. cxd5
Qa5+ 9. Nc3 Nxd5 10. O-O Nxc3 11. bxc3 Bxc3 12. Bh6 Nc6 13. Rc1 Bf6 14. Qb3 Qb4
15. Rxc6 Qxb3 16. Rxc8+ Rxc8 17. axb3 Rc3 18. Nd2 b5 19. Ra1 Rc7 20. Ra6 Kd7 21.
Be3 Rhc8 22. Bxa7 Rc1+ 23. Kh2 Ra1 24. Rxa1 Bxa1 25. e4 Rc2 26. Be3 Bc3 27. Nf1
Rb2 28. exf5 gxf5 29. Bh3 e6 30. g4 fxg4 31. Bxg4 Rxb3 32. Kg2 Rb4 33. Kf3 Ra4
34. Ng3 Be5 35. Ne4 b4 36. Ng5 d5 37. Nxe6 Kd6 38. Bc5+ Kc6 39. Be3 b3 40. Bf5
b2 41. Bxh7 Ra1 42. Nd8+ Kd7 43. Nf7 Bf6 44. Bf5+ Ke7 45. Nh6 Bxh4 46. Bc5+ Kf6
47. Bd4+ Kg5 48. Bxb2 Ra7 49. Bc1+ Kf6 50. Bd3 d4 51. Ng4+ Ke6 52. Bb2 Kd5 53.
Bc1 Rf7+ 54. Ke2 Re7+ 55. Kf1 Rc7 56. Bd2 Rg7 57. f3 Rf7 58. Be4+ Kc5 59. Ke2
Ra7 60. Bc1 Ra2+ 61. Kd3 Bg3 62. Bd2 Ra3+ 63. Ke2 Ra2 64. Kd3 Ra3+ 65. Kc2 Ra2+
66. Kc1 Ra1+ 67. Kb2 Ra6 68. Bd3 Rb6+ 69. Kc2 Rb8 70. Nf6 Rc8 71. Ne4+ Kd5+ 72.
Kd1 Be5 73. Ke2 Rh8 74. Nf2 Rh2 75. Kf1 Bg3 76. Be1 Be5 77. Ng4 Rh1+ 78. Ke2 Rh8
79. Be4+ Ke6 80. Kd3 Rb8 81. Bd2 Rc8 82. f4 Bg7 83. f5+ Kf7 84. Bg5 Rh8 85. f6
Rh3+ 86. Kxd4 Bf8 87. Ne5+ Ke6 88. Bd5+ Kf5 89. Be3 Kxf6 90. Ng4+ Kf5 91. Nf2
Bg7+ 92. Kd3 Rg3 93. Be4+ Ke6 94. Ke2 Be5 95. Nd3 Rh3 96. Nc5+ Kd6 97. Nb7+ Kc7
98. Nc5 Rh2+ 99. Kd3 Kd6 100. Nb7+ Kc7 101. Nc5 Kd6 102. Nb3 Rh3 103. Nd2 Bf4
104. Nc4+ Ke7 105. Bf5 Bxe3 106. Bxh3 Bc5 107. Ke4 Bb4 108. Kd5 Be1 109. Bf5 Bg3
110. Nb6 Kf6 111. Be4 Bf2 112. Nd7+ Ke7 113. Ne5 Bg3 114. Ng6+ Kf6 115. Nf8 Ke7
116. Ne6 Kf6 117. Nd4 Bf2 118. Nf3 Bg3 119. Nd2 Bf4 120. Nc4 Bh2 121. Bf3 Bf4
122. Ke4 Bc7 123. Ne3 Bg3 124. Ng4+ Kg5 125. Ne3 Bf4 126. Nd5 Bb8 127. Ne7 Bd6
128. Nf5 Bf4 129. Nd4 Bb8 130. Bd1 Kf6 131. Nf3 Bc7 132. Nd2 Bb8 133. Nc4 Bc7
134. Ba4 Kg5 135. Ne3 Bb8 136. Nd5 Bh2 137. Ne3 Bb8 138. Bd7 Kf6 139. Ng4+ Ke7
140. Bf5 Kd6 141. Ne3 Ke7 142. Nd5+ Kd6 143. Nf6 Kc5 144. Nd7+ Kc6 145. Nxb8+
Kc7 146. Nd7 Kd6 147. Nf6 Ke7 148. Ke5 Kf7 149. Ng4 Kg7 150. Ke6 Kh8 151. Kf6
Kg8 152. Ne5 Kh8 153. Nf7+ Kg8 154. Be6 Kf8 155. Ne5 Ke8 156. Nc6 Kf8 157. Nd4
Ke8 158. Nf5 Kf8 159. Ne7 Ke8 160. Ng6 Kd8 161. Ke5 Kc7 162. Nf4 Kc6 163. Bb3
Kc5 164. Nd3+ Kc6 165. Ke6 Kb5 166. Kd6 Ka5 167. Kc7 Kb5 168. Kb7 Ka5 169. Kc6
Ka6 170. Ba4 Ka5 171. Bb3 Ka6 172. Kc5 Ka5 173. Be6 Ka4 1/2-1/2

[Event "Women's Speed Chess Q5"]
[Site "chess.com INT"]
[Date "2020.06.22"]
[Round "9"]
[White "Sapale, Saloni"]
[Black "Goh, Jie Yi"]
[Result "1-0"]
[WhiteTitle "WIM"]
[BlackTitle "WCM"]
[WhiteElo "2147"]
[BlackElo "1743"]
[WhiteFideId "5085527"]
[BlackFideId "5710049"]
[EventDate "2020.06.22"]

1. e4 e6 2. d4 d5 3. Nc3 Nf6 4. e5 Nfd7 5. f4 c5 6. Nf3 Nc6 7. Be3 a6 8. Qd2
cxd4 9. Nxd4 Bc5 10. O-O-O Nxd4 11. Bxd4 b5 12. Be2 O-O 13. Bxc5 Nxc5 14. f5 Qa5
15. f6 b4 16. Qg5 1-0

[Event "Women's Speed Chess Q5"]
[Site "chess.com INT"]
[Date "2020.06.22"]
[Round "9"]
[White "Cori T., Deysi"]
[Black "Luong, Phuong Hanh"]
[Result "0-1"]
[WhiteTitle "WGM"]
[BlackTitle "WIM"]
[WhiteElo "2388"]
[BlackElo "2230"]
[WhiteFideId "3801934"]
[BlackFideId "12401013"]
[EventDate "2020.06.22"]

1. d4 Nf6 2. Nf3 g6 3. g3 Bg7 4. Bg2 O-O 5. O-O d5 6. c4 c6 7. cxd5 cxd5 8. Ne5
Nc6 9. Nc3 Ng4 10. Nxc6 bxc6 11. Na4 e5 12. dxe5 Nxe5 13. Be3 Nc4 14. Bd4 Bxd4
15. Qxd4 Qa5 16. b3 Nd6 17. Rac1 Qa6 18. Qc5 Nb5 19. Rfd1 Bd7 20. e3 Rac8 21.
Qd6 Nxd6 22. Nc5 Qxa2 23. Nxd7 Rfd8 24. Ne5 Qxb3 25. Nxc6 Rxc6 0-1

[Event "Women's Speed Chess Q5"]
[Site "chess.com INT"]
[Date "2020.06.22"]
[Round "9"]
[White "Narva, Mai"]
[Black "Yakimova, Mariya"]
[Result "1-0"]
[WhiteTitle "WIM"]
[BlackTitle "WFM"]
[WhiteElo "2333"]
[BlackElo "2269"]
[WhiteFideId "4500512"]
[BlackFideId "34188859"]
[EventDate "2020.06.22"]

1. e4 c5 2. Nf3 Nc6 3. d4 cxd4 4. Nxd4 Nf6 5. Nc3 e5 6. Ndb5 d6 7. Bg5 a6 8. Na3
b5 9. Nd5 Be7 10. c3 Nxe4 11. Bxe7 Nxe7 12. Be2 O-O 13. O-O Bf5 14. Bf3 Rc8 15.
Nc2 Nxd5 16. Qxd5 Nxc3 17. bxc3 Bxc2 18. Rac1 Bf5 19. Rfd1 Be6 20. Qxd6 Qxd6 21.
Rxd6 a5 22. a3 b4 23. axb4 axb4 24. Rb6 bxc3 25. Bc6 Rb8 26. Rxb8 Rxb8 27. Kf1
Rb7 28. Bxb7 1-0

[Event "Women's Speed Chess Q5"]
[Site "chess.com INT"]
[Date "2020.06.22"]
[Round "9"]
[White "Sharma, Isha"]
[Black "Turova, Irina"]
[Result "0-1"]
[WhiteTitle "WIM"]
[BlackTitle "IM"]
[WhiteElo "2276"]
[BlackElo "2381"]
[WhiteFideId "35006665"]
[BlackFideId "4120876"]
[EventDate "2020.06.22"]

1. e4 e5 2. Nf3 Nc6 3. Bc4 Bc5 4. c3 Nf6 5. d3 d6 6. Nbd2 a6 7. Bb3 Ba7 8. Nf1
Nh5 9. Ng5 g6 10. Bxf7+ Kf8 11. Qf3 Qf6 12. Bb3 Nf4 13. Bxf4 exf4 14. Nf7 Rg8
15. O-O-O Rg7 16. Nh6 Ne5 17. Qe2 f3 18. gxf3 Qf4+ 19. Qd2 Nxd3+ 20. Kb1 Qxd2
21. Rxd2 Nxf2 22. Rg1 Nxe4 23. fxe4 Bxg1 24. Ng3 Be3 0-1

[Event "Women's Speed Chess Q5"]
[Site "chess.com INT"]
[Date "2020.06.22"]
[Round "9"]
[White "Nikoladze, Sopio"]
[Black "Hejazipour, Mitra"]
[Result "1-0"]
[WhiteTitle "WIM"]
[BlackTitle "WGM"]
[WhiteElo "2132"]
[BlackElo "2300"]
[WhiteFideId "13600427"]
[BlackFideId "12505951"]
[EventDate "2020.06.22"]

1. d4 Nf6 2. Nf3 e6 3. e3 b6 4. Bd3 d5 5. b3 Bb7 6. Nbd2 Be7 7. O-O Nbd7 8. Bb2
c5 9. Ne5 a6 10. f4 Rc8 11. a4 Ne4 12. Nxe4 dxe4 13. Bc4 Nf6 14. Qe2 Ra8 15.
dxc5 Bxc5 16. Rad1 Qe7 17. f5 O-O 18. Ng4 Nxg4 19. Qxg4 Bxe3+ 20. Kh1 f6 21.
Bxe6+ Kh8 22. Rd7 1-0

[Event "Women's Speed Chess Q5"]
[Site "chess.com INT"]
[Date "2020.06.22"]
[Round "9"]
[White "Vidyarthi, Omya"]
[Black "Smietanska, Wiktoria"]
[Result "1-0"]
[WhiteTitle "WCM"]
[BlackTitle "CM"]
[WhiteElo "1709"]
[BlackElo "1593"]
[WhiteFideId "30931665"]
[BlackFideId "21869359"]
[EventDate "2020.06.22"]

1. d4 Nf6 2. Bg5 c5 3. d5 Ne4 4. Bf4 Qb6 5. Bc1 g6 6. f3 Nf6 7. Nd2 Nxd5 8. Nc4
Qc6 9. Na5 Qb6 10. Qxd5 Qxa5+ 11. Bd2 Qb6 12. O-O-O Bg7 13. c3 e6 14. Qd3 O-O
15. h4 h5 16. g4 hxg4 17. h5 gxf3 18. hxg6 fxe2 19. gxf7+ Rxf7 20. Bxe2 Nc6 21.
Bh5 Rf6 22. Nh3 d5 23. Ng5 Ne5 24. Qh7+ Kf8 25. Rhf1 Bd7 26. Rxf6+ Bxf6 27. Rf1
Qd8 28. Nxe6+ Bxe6 29. Bh6# 1-0

[Event "Women's Speed Chess Q5"]
[Site "chess.com INT"]
[Date "2020.06.22"]
[Round "9"]
[White "Martynyuk, Elizaveta"]
[Black "Yu, Jennifer"]
[Result "0-1"]
[WhiteTitle "FM"]
[BlackTitle "FM"]
[WhiteElo "2041"]
[BlackElo "2315"]
[WhiteFideId "24128511"]
[BlackFideId "2078341"]
[EventDate "2020.06.22"]

1. e4 g6 2. d4 Bg7 3. Nc3 d6 4. Be3 a6 5. f4 b5 6. Nf3 Nd7 7. Qd2 Bb7 8. a4 b4
9. Nd5 a5 10. Qd3 c6 11. Qc4 cxd5 12. exd5 Ngf6 13. O-O-O Nxd5 14. Bf2 Rc8 15.
Qb5 Bc6 16. Qa6 Bxa4 17. Bb5 Bxc2 18. Rd2 b3 0-1

[Event "Women's Speed Chess Q5"]
[Site "chess.com INT"]
[Date "2020.06.22"]
[Round "9"]
[White "Afraoui, Anaelle"]
[Black "Tsotsonava, Elene"]
[Result "0-1"]
[WhiteTitle "WFM"]
[BlackTitle "WFM"]
[WhiteElo "2120"]
[BlackElo "2012"]
[WhiteFideId "20654383"]
[BlackFideId "13615939"]
[EventDate "2020.06.22"]

1. e4 c5 2. Nf3 e6 3. d4 cxd4 4. Nxd4 Nc6 5. Nc3 Qc7 6. f4 a6 7. Nxc6 Qxc6 8.
Bd3 b5 9. Qe2 Bb7 10. Bd2 Bc5 11. O-O-O Ne7 12. Kb1 b4 13. Nd5 exd5 14. exd5
Qxd5 15. Rhe1 O-O 16. Qg4 Qxg2 17. Qh5 g6 18. Qxc5 Nc6 19. f5 Rac8 20. fxg6 hxg6
21. Qd6 Qh3 22. Rg1 Qe6 23. Qg3 Ne5 24. Bxb4 Nxd3 25. Qxd3 Be4 26. Qd2 Rxc2 0-1

[Event "Women's Speed Chess Q5"]
[Site "chess.com INT"]
[Date "2020.06.22"]
[Round "9"]
[White "Kashlinskaya, Alina"]
[Black "Batsiashvili, Nino"]
[Result "0-1"]
[WhiteTitle "IM"]
[BlackTitle "GM"]
[WhiteElo "2494"]
[BlackElo "2457"]
[WhiteFideId "4198026"]
[BlackFideId "13602993"]
[EventDate "2020.06.22"]

1. d4 d5 2. c4 e6 3. Nc3 c5 4. cxd5 exd5 5. Nf3 Nf6 6. Bg5 Be6 7. e3 c4 8. Be2
Bb4 9. O-O O-O 10. Rc1 Nbd7 11. b3 Bxc3 12. Rxc3 b5 13. bxc4 bxc4 14. Ne5 h6 15.
Nxd7 Bxd7 16. Bh4 Qa5 17. Rc1 Ne4 18. f3 Nc3 19. Qd2 Nxe2+ 20. Qxe2 Rfe8 21. e4
Bf5 22. e5 Bd3 23. Qe1 Qb6 24. Rf2 Qxd4 25. Bg3 Rac8 26. Kh1 c3 27. f4 Qe4 28.
Rf3 d4 29. Qf2 Be2 30. f5 Bxf3 0-1